Score 0/50 Timer 07:00
4 Plays Today
% Correct
King
92.4%
Born
92.2%
Driver
90.6%
Strikes
89.8%
Eagle
89.4%
Man
88.7%
Bill
88.4%
Earth
88.1%
Malone
86.6%
Freaky
85.4%
Precinct
85.2%
Josey
85.2%
News
85%
Car
84.8%
Run
83.7%
Glory
81.4%
Shout
80.8%
Joe
78%
Return
77.1%
Murder
75.9%
Dust
75.5%
Little
74.3%
Streak
73.2%
Drive
72.3%
Offerings
72%
% Correct
President's
70.7%
Marian
69.9%
Sweet
68.5%
Voyage
68.4%
Solution
64.6%
Stay
64.4%
Last
63.3%
Nicky
59.9%
Horse
59.3%
Rally
58.6%
Sea
57.9%
Jugs
57%
Movie
55.9%
Crossing
54.2%
Shaggy
53.7%
Plot
46.9%
Nudie
44.8%
Flying
44.4%
Dirtwater
41.7%
Big
40.7%
Casanova
39.4%
Breaks
39.2%
Young
36.9%
Senses
33.7%
Kings
33.1%
Remove Ads.
Support Sporcle.
Get the best of Sporcle when you Go Orange. This ad-free experience offers more features, more stats, and more fun while also helping to support Sporcle. Thank you for becoming a member.

You're not logged in!

Compare scores with friends on all Sporcle quizzes.
OR
Log In

Show Comments

Extras

Top Quizzes Today


Score Distribution

Your Account Isn't Verified!

In order to create a playlist on Sporcle, you need to verify the email address you used during registration. Go to your Sporcle Settings to finish the process.

Report this User

Report this user for behavior that violates our Community Guidelines.

Details: